Cities of Clayton County, Iowa - Statistics

General Stats
  • This quiz has been taken 59 times
  • The average score is 8 of 18
Answer Stats
Cities % Correct
4 Elkader
75%
7 Garnavillo
75%
2 Guttenberg
75%
9 Marquette
75%
14 St. Olaf
75%
6 Edgewood
50%
18 Elkport
50%
8 McGregor
50%
3 Monona
50%
17 Osterdock
50%
1 Postville
50%
5 Strawberry Point
50%
16 Clayton
25%
11 Farmersburg
25%
15 Garber
25%
12 Volga
25%
10 Luana
0%
13 North Buena Vista
0%
No matching quizzes found
Score Distribution
Percent of People with Each Score
Percentile by Number Answered
Your Score History
You have not taken this quiz